000 00204nam a2200097 4500
020 _a9789380005225
082 _a400
245 _aThe Autobiography of Benjamin Franklin
300 _a184p
942 _2ddc
_cNOVEL
999 _c991
_d991